ගිනි අවියේ ශාක්ෂිය

GINI AWIYE SHAKSHIYA
Saved in:
Bibliographic Details
Main Author: පුෂ්පකුමාර,ඩබ්.එල්.රුවන්
Format: Book
Language:English
Published: කෝට්ටේ; ශාන්, 2018.
Edition:2018
Subjects:
Tags: Add Tag
No Tags, Be the first to tag this record!

MARC

LEADER 00000nam a22000007a 4500
005 20260116133023.0
008 260116b |||||||| |||| 00| 0 eng d
020 |a 9789553621122 
082 |a 891.483  |b පුෂ්ප 
100 |a පුෂ්පකුමාර,ඩබ්.එල්.රුවන් 
245 |6 880-1  |a ගිනි අවියේ ශාක්ෂිය 
250 |a 2018 
260 |a කෝට්ටේ;  |b ශාන්,  |c 2018. 
300 |a පිටු:120;  |b සෙමි.21 
650 0 |a නවකතා 
880 |6 245-1  |a GINI AWIYE SHAKSHIYA 
942 |2 ddc  |c LBK 
999 |c 12836  |d 12836